[Event "Romanian Individual National C"]
[Site "Amara"]
[Date "2007.02.17"]
[Round "3"]
[White "Sava, Bogdan"]
[Black "Dobre, Claudiu Cristian"]
[Result "0-1"]
[WhiteElo "2120"]
[BlackElo "2251"]
[PlyCount "108"]
[EventDate "2007.02.??"]
[EventCountry "ROM"]

1. c4 c5 2. Nc3 Nc6 3. g3 g6 4. Bg2 Bg7 5. e3 d6 6. Nge2 e5 7. O-O Nge7 8. a3
a6 9. Rb1 Rb8 10. b4 cxb4 11. axb4 b5 12. cxb5 axb5 13. d4 exd4 14. Nxd4 Nxd4
15. exd4 Bb7 16. Bg5 O-O 17. Bxb7 Rxb7 18. Nd5 f6 19. Bc1 Qc8 20. Nxe7+ Rxe7
21. Bf4 Rd8 22. Rc1 Qe6 23. d5 Qf5 24. Rc6 g5 25. Rxd6 Red7 26. Rxd7 Rxd7 27.
Be3 Qxd5 28. Qh5 Bf8 29. h4 Bxb4 30. hxg5 fxg5 31. Bxg5 Bf8 32. Qh4 Qc4 33. Bf4
b4 34. Rc1 Qe6 35. Kh2 Rd5 36. Be3 Be7 37. Rc8+ Qxc8 38. Qxe7 Qc6 39. Qh4 Qb7
40. Qg4+ Kf7 41. Bh6 Kf6 42. Be3 Ke5 43. Qf4+ Ke6 44. Qe4+ Kd6 45. Qf4+ Kd7 46.
Qf7+ Kc6 47. Qe8+ Qd7 48. Qe4 Kb5 49. g4 Rd1 50. Kg3 Qd6+ 51. Bf4 Qd3+ 52. Qe3
Qxe3+ 53. fxe3 Rc1 54. e4 Rc3+ 0-1

[Event "Romanian Individual National C"]
[Site "Amara"]
[Date "2007.02.18"]
[Round "4"]
[White "Dobre, Claudiu Cristian"]
[Black "Sandulescu, Gheorghe"]
[Result "1-0"]
[WhiteElo "2251"]
[BlackElo "1950"]
[Annotator "pavlov mircea"]
[PlyCount "56"]
[EventDate "2007.02.??"]
[EventCountry "ROM"]

1. d4 d5 2. c4 dxc4 3. Nf3 Nf6 4. Nc3 a6 5. a4 Nc6 6. e4 Bg4 7. d5 Nb4 8. Bxc4
e6 9. O-O exd5 10. exd5 Be7 11. h3 Bh5 12. a5 O-O 13. Bf4 Bd6 14. Bxd6 Qxd6 15.
Ra4 Rad8 16. g4 Bg6 17. Qb3 Nfxd5 18. Rd1 Bc2 (18... c6 19. Rxb4 Qxb4 20. Nxd5
Qxa5) 19. Rxd5 Qxd5 20. Bxd5 Bxb3 21. Bxb3 c5 22. Ne4 Nd3 23. Rc4 Nxb2 24. Rxc5
Rd3 25. Ned2 Rfd8 26. Rc2 Nd1 27. Rc7 Rxb3 28. Nxb3 Nb2 1-0

[Event "Romanian Individual National C"]
[Site "Amara"]
[Date "2007.02.19"]
[Round "5"]
[White "Murariu, Andrei"]
[Black "Dobre, Claudiu Cristian"]
[Result "1-0"]
[WhiteElo "2501"]
[BlackElo "2251"]
[PlyCount "45"]
[EventDate "2007.02.??"]
[EventCountry "ROM"]

1. e4 c6 2. c4 d5 3. exd5 cxd5 4. cxd5 Nf6 5. Nc3 Nxd5 6. Nf3 Nc6 7. Bb5 Nxc3
8. bxc3 Bd7 9. O-O e6 10. d4 Be7 11. Re1 O-O 12. Bd3 Rc8 13. Bf4 Na5 14. Ne5 g6
15. Re3 Bc6 16. Rg3 Bf6 17. Qg4 Be8 18. h4 Bxh4 19. Rh3 Bf6 20. Bh6 Bg7 21. Qf4
f6 22. Bxg7 g5 23. Qh2 1-0

[Event "Romanian Individual National C"]
[Site "Amara"]
[Date "2007.02.21"]
[Round "7"]
[White "Raceanu, Valentin"]
[Black "Dobre, Claudiu Cristian"]
[Result "1-0"]
[WhiteElo "2387"]
[BlackElo "2251"]
[PlyCount "107"]
[EventDate "2007.02.??"]
[EventCountry "ROM"]

1. d4 d5 2. c4 c6 3. Nc3 Nf6 4. e3 e6 5. Nf3 Nbd7 6. Qc2 Bd6 7. Bd3 O-O 8. O-O
dxc4 9. Bxc4 e5 10. Rd1 Qe7 11. e4 b5 12. Bf1 Bb7 13. h3 a6 14. dxe5 Nxe5 15.
Nd4 Bb8 16. Be3 Ned7 17. Nf5 Qe6 18. b4 a5 19. a3 axb4 20. axb4 Rxa1 21. Rxa1
c5 22. bxc5 b4 23. Rb1 Nxe4 24. Rxb4 Ndxc5 25. Rxb7 Qxf5 26. Re7 Nd6 27. Qxf5
Nxf5 28. Bxc5 Nxe7 29. Bxe7 Rc8 30. Nd5 Rc1 31. Bg5 Rd1 32. Nc3 Ra1 33. g4 Ba7
34. Kg2 Bd4 35. Ne4 Ra2 36. Bh4 Be5 37. Be7 Bd4 38. Bc4 Rc2 39. Bd3 Rb2 40. Bd6
h6 41. Bg3 Rb4 42. h4 g6 43. h5 f5 44. gxf5 gxf5 45. Nd6 f4 46. Bxf4 Bxf2 47.
Bc4+ Rxc4 48. Nxc4 Bd4 49. Bxh6 Bf6 50. Kf3 Kh7 51. Bf4 Be7 52. Kg4 Bf6 53. Kf5
Be7 54. Ne5 1-0

[Event "Romanian Individual National C"]
[Site "Amara"]
[Date "2007.02.22"]
[Round "8"]
[White "Dobre, Claudiu Cristian"]
[Black "Ocnarescu, Victor"]
[Result "1-0"]
[WhiteElo "2251"]
[BlackElo "2183"]
[PlyCount "85"]
[EventDate "2007.02.??"]
[EventCountry "ROM"]

1. f4 c5 2. e3 d5 3. Nf3 g6 4. Be2 Bg7 5. d4 cxd4 6. exd4 Nc6 7. c3 Nf6 8. O-O
Bg4 9. Nbd2 O-O 10. Bd3 Qd6 11. g3 Nd7 12. Qb3 Bxf3 13. Nxf3 f5 14. Qxb7 Nf6
15. Ne5 Na5 16. Qa6 Qxa6 17. Bxa6 Rab8 18. b3 Ne4 19. Nd7 Nxc3 20. Be3 Rb6 21.
Nxb6 axb6 22. Rfc1 Ne4 23. Rc7 Ra8 24. Rc8+ Rxc8 25. Bxc8 Nc3 26. Be6+ Kf8 27.
Kf1 b5 28. Rc1 b4 29. Rxc3 bxc3 30. Bxd5 c2 31. Ke2 Bxd4 32. Bc1 e6 33. Bf3 Ke7
34. Kd3 Bg1 35. h3 Kd7 36. Kxc2 Nc6 37. Kc3 Nd4 38. Bd1 Kc6 39. a4 Kd5 40. Kd3
Bf2 41. Be3 Bxe3 42. Kxe3 Kc5 43. b4+ 1-0

[Event "Cupa  Conpet  "]
[Site "?"]
[Date "2007.09.22"]
[Round "1.3"]
[White "Vulcan, Gheorghe"]
[Black "Dobre, Claudiu Cristian"]
[Result "0-1"]
[WhiteElo "1828"]
[BlackElo "2256"]
[Annotator "Anuta Laurentiu"]
[PlyCount "92"]

1. d4 d5 2. c4 e6 3. Nf3 Nf6 4. e3 Nbd7 5. Bd3 c6 6. a3 Bd6 7. Nc3 O-O 8. O-O
dxc4 9. Bxc4 b5 10. Bd3 a6 11. Qc2 Bb7 12. e4 e5 13. dxe5 Nxe5 14. Nxe5 Bxe5
15. h3 c5 16. Qe2 Re8 17. Bg5 h6 18. Bxf6 Qxf6 19. Qc2 c4 20. Be2 Bxc3 21. Qxc3
Qxc3 22. bxc3 Bxe4 23. Rfe1 Rad8 24. Rad1 Bc6 25. Rxd8 Rxd8 26. Rd1 Rxd1+ 27.
Bxd1 Kf8 28. f3 Ke7 29. Kf2 Kd6 30. Ke3 Kc5 31. g4 a5 32. f4 g5 33. fxg5 hxg5
34. Be2 Kd5 35. Bf1 Ke5 36. Kd2 Kf4 37. a4 Kf3 38. Be2+ Kf2 39. Bd1 bxa4 40.
Bc2 a3 41. Kc1 Ke3 42. Bf5 Be4 43. Bd7 Kd3 44. Kb1 Kxc3+ 45. Ka2 Kb4 46. Be8 f6
0-1

[Event "Cupa Conpet"]
[Site "?"]
[Date "2007.09.22"]
[Round "2.3"]
[White "Dobre, Claudiu Cristian"]
[Black "Sandulescu, Gheorghe"]
[Result "1-0"]
[WhiteElo "2256"]
[BlackElo "1974"]
[Annotator "Anuta Laurentiu"]
[PlyCount "91"]

1. d4 d5 2. Nf3 Nf6 3. g3 g6 4. Bg2 Bg7 5. c4 c6 6. O-O O-O 7. b3 Re8 8. Bb2
Bg4 9. h3 Bxf3 10. Bxf3 e6 11. Nd2 Nbd7 12. Bg2 e5 13. cxd5 cxd5 14. dxe5 Nxe5
15. Nf3 Nxf3+ 16. Bxf3 Qd7 17. Bg2 Rad8 18. e3 Ne4 19. Bxg7 Kxg7 20. Qd4+ Kg8
21. Qxa7 Rc8 22. Qd4 Rc2 23. Rad1 Qc8 24. Qb4 Qf5 25. g4 Qf6 26. Qb5 Re5 27.
Rxd5 Re7 28. g5 Qe6 29. Qd3 Rc8 30. Bxe4 Qxe4 31. Qxe4 Rxe4 32. Rfd1 Rc2 33.
R1d2 Rc7 34. Rd8+ Kg7 35. R8d7 Rc5 36. R2d5 Rc1+ 37. Kg2 Rc2 38. Kf3 Rb4 39.
R5d6 Rb5 40. Rf6 Rxg5 41. Rfxf7+ Kg8 42. Rg7+ Kf8 43. Rxh7 Rf5+ 44. Ke4 Kg8 45.
f4 Rxa2 46. Rxb7 1-0

[Event "Cupa Conpet"]
[Site "?"]
[Date "2007.09.23"]
[Round "3.3"]
[White "Miroiu, George Catalin"]
[Black "Dobre, Claudiu Cristian"]
[Result "0-1"]
[WhiteElo "2066"]
[BlackElo "2256"]
[Annotator "Anuta Laurentiu"]
[PlyCount "170"]

1. d4 d5 2. c4 e6 3. Nc3 c6 4. cxd5 exd5 5. Bf4 Bf5 6. e3 Nf6 7. Bd3 Bxd3 8.
Qxd3 Nbd7 9. Nf3 Be7 10. h3 O-O 11. O-O Re8 12. Rab1 a5 13. a3 Bf8 14. Rfe1 Ne4
15. Nd2 Nxd2 16. Qxd2 Nb6 17. Qd3 Qd7 18. f3 a4 19. e4 Nc4 20. Re2 b5 21. Ra1
dxe4 22. fxe4 Bc5 23. Rd1 Rad8 24. Kh1 Qxd4 25. Qc2 Qf6 26. Rf1 Bd4 27. Rf3 Qg6
28. Qc1 f6 29. Rd3 Bxc3 30. Qxc3 Rxd3 31. Qxd3 Qf7 32. b3 axb3 33. Qxb3 Qa7 34.
Bc1 Qd4 35. Bb2 Qa7 36. Bc1 Kh8 37. Qd3 Qe7 38. a4 Ne5 39. Qc2 Qb4 40. axb5
cxb5 41. Bf4 Ng6 42. Qc6 Rd8 43. Bc7 Rc8 44. Qd7 Ra8 45. e5 fxe5 46. Qd5 Ra1+
47. Kh2 Qf4+ 48. g3 Qf1 49. Qg2 Qxg2+ 50. Kxg2 Ra7 51. Bxe5 Rd7 52. Bc3 h6 53.
Re8+ Kh7 54. Rb8 Rd3 55. Ba1 Ra3 56. Bd4 Ra4 57. Bc3 Ra2+ 58. Kg1 Ra3 59. Rc8
b4 60. Bxb4 Rxg3+ 61. Kh2 Re3 62. Rc3 Re4 63. Bd6 Nh4 64. Bc7 Re2+ 65. Kg3 g5
66. Kg4 Re4+ 67. Kg3 Kg6 68. Bb6 Kh5 69. Bf2 Rf4 70. Ra3 Rb4 71. Rc3 Rb2 72.
Ra3 Ng6 73. Be3 Ne7 74. Bf2 Nd5 75. Be3 Re2 76. Bf2 Nf6 77. Re3 Rc2 78. Be1 Nd5
79. Ra3 Rc1 80. Bd2 Rg1+ 81. Kh2 Rd1 82. Ra2 Nf6 83. Be3 Nd5 84. Bd2 Nf4 85.
Bxf4 gxf4 {...} 0-1

[Event "Cupa Conpet"]
[Site "?"]
[Date "2007.09.24"]
[Round "5.1"]
[White "Dobre, Claudiu Cristian"]
[Black "Burnoiu, Nicolae Costel"]
[Result "0-1"]
[WhiteElo "2256"]
[BlackElo "2385"]
[Annotator "Anuta Laurentiu"]
[PlyCount "116"]

1. d4 Nf6 2. c4 e6 3. Nc3 Bb4 4. a3 Bxc3+ 5. bxc3 b6 6. f3 Nc6 7. e4 Ba6 8. Bd3
Na5 9. Qe2 Nb3 10. Rb1 Nxc1 11. Rxc1 Qe7 12. Ra1 e5 13. Qd2 O-O 14. Ne2 Ne8 15.
Ng3 Qf6 16. Nf5 exd4 17. cxd4 Nd6 18. e5 Qe6 19. Nxd6 cxd6 20. Be4 Rac8 21. Bd5
Qe7 22. Qb4 Qh4+ 23. Ke2 Qxd4 24. Rad1 Rxc4 25. Rxd4 Rxb4+ 26. Ke3 Rb2 27. exd6
Rxg2 28. Ra4 Re8+ 29. Kf4 Bd3 30. h4 h6 31. h5 Rg5 32. Be4 Bxe4 33. fxe4 Re6
34. e5 a5 35. Rc4 f6 36. Rd1 fxe5+ 37. Ke3 e4 38. Rc7 Rg3+ 39. Ke2 e3 40. Rxd7
Rg2+ 41. Kd3 e2 42. Re1 Kf8 43. Rd8+ Kf7 44. Kd4 Re8 45. Rxe8 Kxe8 46. Kc4 Kd7
47. Kb5 Kxd6 48. Kxb6 a4 49. Kb5 Kd5 50. Kxa4 Kc4 51. Ka5 Kd3 52. a4 Rg5+ 53.
Kb6 Rxh5 54. a5 Kd2 55. a6 Re5 56. a7 Re8 57. Rxe2+ Kxe2 58. a8=Q Rxa8 0-1

[Event "Cupa Conpet"]
[Site "?"]
[Date "2007.09.26"]
[Round "6.3"]
[White "Adoamnei, Roxana-Antonela"]
[Black "Dobre, Claudiu Cristian"]
[Result "0-1"]
[WhiteElo "2023"]
[BlackElo "2256"]
[Annotator "Anuta Laurentiu"]
[PlyCount "82"]

1. d4 d5 2. Nf3 Nf6 3. e3 Bg4 4. Nbd2 e6 5. h3 Bh5 6. Be2 c5 7. c3 Nc6 8. O-O
Bd6 9. dxc5 Bxc5 10. b4 Bd6 11. Bb2 O-O 12. a4 Rc8 13. a5 Qc7 14. a6 b6 15. Re1
e5 16. b5 Na5 17. Ra4 Nd7 18. c4 Nc5 19. Rxa5 bxa5 20. cxd5 e4 21. Nd4 Bh2+ 22.
Kh1 Nd3 23. Nxe4 Nxb2 24. Qb1 Bg6 25. Bf3 Na4 26. g3 Bxg3 27. fxg3 Bxe4 28.
Bxe4 Nc3 29. Bxh7+ Kh8 30. Qf5 Qxg3 31. Nf3 g6 32. Bxg6 fxg6 33. Qe5+ Qxe5 34.
Nxe5 Rf6 35. Nc6 Nxb5 36. e4 Rfxc6 37. dxc6 Rxc6 38. Rb1 Nc7 39. Rb8+ Kg7 40.
Rb7 Kf6 41. Rxa7 Nxa6 0-1

[Event "Cupa Conpet"]
[Site "?"]
[Date "2007.09.27"]
[Round "7.2"]
[White "Miron, Lucian Costin"]
[Black "Dobre, Claudiu Cristian"]
[Result "1/2-1/2"]
[WhiteElo "2351"]
[BlackElo "2256"]
[Annotator "Anuta Laurentiu"]
[PlyCount "127"]

1. d4 e6 2. c4 f5 3. g3 Nf6 4. Bg2 c6 5. Nh3 d5 6. Qc2 Bd6 7. O-O O-O 8. Nd2 h6
9. Nf3 g5 10. Ne5 Nbd7 11. f4 g4 12. Nf2 h5 13. c5 Bc7 14. Bd2 a5 15. Rfb1 Ne4
16. Nxe4 dxe4 17. Nxd7 Qxd7 18. e3 Qe7 19. b4 axb4 20. Rxb4 Ba5 21. Rb3 Bxd2
22. Qxd2 Qd8 23. Rb6 Ra3 24. Qc1 Ra4 25. Qb2 Rf7 26. Rc1 Qd5 27. Rc2 Rh7 28.
Rb4 Ra7 29. Rb3 h4 30. Ra3 Rxa3 31. Qxa3 hxg3 32. hxg3 Kf7 33. Qa8 Rh8 34. Bf1
Kg6 35. Rh2 Rxh2 36. Kxh2 Qd7 37. Qb8 Kf7 38. Bc4 Ke7 39. Kg1 Kd8 40. Qe5 Qe7
41. Qh8+ Kc7 42. Qe5+ Kd8 43. a4 Kd7 44. a5 Kd8 45. Qb8 Qc7 46. Qxc7+ Kxc7 47.
Kf1 Kd7 48. Ke1 Kc7 49. Kd2 Kd7 50. Kc3 Kc7 51. Kb4 Kd7 52. Be2 Kd8 53. Bd1 Bd7
54. Bb3 Bc8 55. Ba4 Bd7 56. a6 bxa6 57. Ka5 Kc7 58. Kxa6 Bc8+ 59. Ka5 Bd7 60.
Kb4 Be8 61. Kc3 Kd7 62. Bb3 Bf7 63. Bc4 Be8 64. Ba2 {...} 1/2-1/2

[Event "Cupa Conpet"]
[Site "?"]
[Date "2007.09.28"]
[Round "8.3"]
[White "Dobre, Claudiu Cristian"]
[Black "Pepene, Gheorghe"]
[Result "0-1"]
[WhiteElo "2256"]
[BlackElo "2061"]
[Annotator "Anuta Laurentiu"]
[PlyCount "74"]

1. d4 d5 2. c4 e6 3. Nc3 Nf6 4. Bg5 c6 5. e3 Bd6 6. Qc2 Nbd7 7. cxd5 exd5 8.
Bd3 Nf8 9. Nge2 Ng6 10. Ng3 O-O 11. Nf5 Bxf5 12. Bxf5 h6 13. Bxf6 Qxf6 14. g3
Ne7 15. Bd3 Qf3 16. O-O g6 17. e4 dxe4 18. Nxe4 Rad8 19. Rfe1 Nd5 20. Be2 Qf5
21. Bg4 $4 Qxg4 22. Qb3 Qd7 23. Re2 b6 24. Rae1 Kg7 25. Qc4 Rde8 26. Rc1 f5 27.
Nxd6 Rxe2 28. Nxf5+ Qxf5 29. Qxe2 Qd7 30. Qe5+ Kh7 31. Re1 Rf7 32. Qb8 Re7 33.
Rxe7+ Qxe7 34. Qa8 Nb4 35. Qb8 Nd5 36. a3 a5 37. h4 Nf6 0-1

[Event "Campionato rumeno open 2006"]
[Site "Predeal ROM"]
[Date "2006.12.01"]
[Round "5"]
[White "Manea, Alexandru"]
[Black "Dobre, Claudiu Cristian"]
[Result "1/2-1/2"]
[WhiteElo "2376"]
[BlackElo "2237"]
[PlyCount "60"]
[EventDate "2006.11.27"]

1. e4 c6 2. d4 d5 3. e5 Bf5 4. a3 e6 5. c4 dxc4 6. Bxc4 Nd7 7. Ne2 Nb6 8. Bb3
Ne7 9. Nbc3 Qd7 10. O-O Bg6 11. Ng3 h5 12. Nce4 Nf5 13. Nxf5 Bxf5 14. Bc2 Be7
15. Be3 Bxe4 16. Bxe4 O-O-O 17. Qc2 Nd5 18. b4 Kb8 19. Rab1 Rc8 20. Rfc1 Bd8
21. Qe2 Bb6 22. Qf3 g6 23. Rc4 a6 24. Rbc1 Rc7 25. Bg5 Rcc8 26. Rd1 Bd8 27. Bc1
Rh7 28. Rd3 Bb6 29. Bg5 Bd8 30. Bd2 Bb6 1/2-1/2

[Event "Campionato rumeno open 2006"]
[Site "Predeal ROM"]
[Date "2006.12.03"]
[Round "7"]
[White "Epure, Catalin Alexandru"]
[Black "Dobre, Claudiu Cristian"]
[Result "1/2-1/2"]
[WhiteElo "2111"]
[BlackElo "2237"]
[PlyCount "102"]
[EventDate "2006.11.27"]

1. e4 c5 2. Nf3 Nc6 3. d4 cxd4 4. Nxd4 Nf6 5. Nc3 e5 6. Ndb5 d6 7. Bg5 a6 8.
Na3 b5 9. Bxf6 gxf6 10. Nd5 Bg7 11. c3 Be6 12. Nc2 f5 13. exf5 Bxf5 14. Nce3
Bg6 15. a4 Rb8 16. axb5 axb5 17. h4 h6 18. h5 Bh7 19. Bd3 e4 20. Bxe4 Bxe4 21.
Qg4 O-O 22. Qxe4 Re8 23. Qh4 b4 24. Qxd8 Rbxd8 25. O-O bxc3 26. bxc3 Ne7 27.
Nxe7+ Rxe7 28. Nf5 Rc7 29. Nxg7 Kxg7 30. Ra3 Rc5 31. g4 Kf6 32. Kh2 Rdc8 33.
Rd1 Ke5 34. Rd3 R8c6 35. Rf3 Ke6 36. Kg3 f5 37. gxf5+ Rxf5 38. Rxf5 Kxf5 39. f4
Ke4 40. Kg4 Rc4 41. Ra6 Ke3 42. Rxd6 Rxf4+ 43. Kg3 Rf3+ 44. Kg2 Rf2+ 45. Kg1
Rc2 46. Rxh6 Rxc3 47. Rf6 Ke4 48. Kg2 Rc5 49. h6 Rh5 50. Ra6 Kf4 51. Ra4+ Kg5
1/2-1/2

[Event "Campionato rumeno open 2006"]
[Site "Predeal ROM"]
[Date "2006.12.04"]
[Round "8"]
[White "Dobre, Claudiu Cristian"]
[Black "Minescu, Dragos Olivar"]
[Result "1-0"]
[WhiteElo "2237"]
[BlackElo "2177"]
[PlyCount "63"]
[EventDate "2006.11.27"]

1. d4 Nf6 2. c4 c5 3. d5 e5 4. Nc3 d6 5. e4 Be7 6. Nge2 Nh5 7. g3 Bg5 8. Bg2
Bxc1 9. Nxc1 g6 10. O-O O-O 11. Nd3 Ng7 12. f4 f6 13. Qd2 a6 14. a3 b5 15. fxe5
bxc4 16. exf6 Rxf6 17. Rxf6 Qxf6 18. e5 Qf5 19. Ne4 cxd3 20. Rf1 Nd7 21. Rxf5
Nxf5 22. exd6 c4 23. Qc3 Bb7 24. Qxc4 Rc8 25. Qxd3 Rc1+ 26. Kf2 Ne5 27. Qe2
Ng4+ 28. Qxg4 Rc2+ 29. Kg1 Rxg2+ 30. Kxg2 Ne3+ 31. Kh3 Nxg4 32. d7 1-0

[Event "Predeal op"]
[Site "Predeal"]
[Date "2006.08.12"]
[Round "1"]
[White "Dobre, Claudiu Cristian"]
[Black "Seger, Ruediger"]
[Result "1-0"]
[WhiteElo "2237"]
[BlackElo "2407"]
[PlyCount "95"]
[EventDate "2006.08.12"]
[EventType "swiss"]
[EventRounds "9"]
[EventCountry "ROM"]
[Source "ChessBase"]
[SourceDate "2006.09.14"]

1. d4 Nf6 2. c4 g6 3. Nc3 d5 4. Bf4 Bg7 5. e3 c5 6. dxc5 Qa5 7. Rc1 dxc4 8.
Bxc4 O-O 9. Nf3 Qxc5 10. Bb3 Nc6 11. O-O Qa5 12. h3 Bf5 13. Qe2 Ne4 14. Nxe4
Bxe4 15. Rfd1 Bxf3 16. Qxf3 Bxb2 17. Rb1 Bg7 18. Rd7 Qf5 19. Rbd1 e6 20. Rxb7
Na5 21. e4 Qc5 22. Bd6 Qc3 23. Bxf8 Qxf3 24. gxf3 Nxb7 25. Bxg7 Kxg7 26. Bxe6
Nc5 27. Bd5 Rc8 28. Rc1 Kf6 29. f4 Rc7 30. Rc4 Ke7 31. e5 Na6 32. Kg2 f6 33.
Kf3 fxe5 34. fxe5 Rd7 35. Ke4 Nc7 36. Rc5 Ne8 37. Rc8 Rc7 38. Ra8 Kf8 39. f4
Ke7 40. h4 Kf8 41. h5 gxh5 42. f5 Ke7 43. Kf4 h4 44. Kg5 h6+ 45. Kg6 h3 46. f6+
Nxf6 47. exf6+ Kd6 48. Rd8+ 1-0

[Event "Predeal op"]
[Site "Predeal"]
[Date "2006.08.14"]
[Round "4"]
[White "Dobre, Claudiu Cristian"]
[Black "Paulet, Iosefina"]
[Result "1/2-1/2"]
[WhiteElo "2237"]
[BlackElo "2123"]
[PlyCount "136"]
[EventDate "2006.08.12"]
[EventType "swiss"]
[EventRounds "9"]
[EventCountry "ROM"]
[Source "ChessBase"]
[SourceDate "2006.09.14"]

1. d4 Nf6 2. c4 e6 3. Nc3 Bb4 4. e3 O-O 5. Bd3 d5 6. cxd5 exd5 7. Nge2 b6 8.
O-O Bd6 9. f3 Bb7 10. a3 Re8 11. Qe1 c5 12. Qh4 Ba6 13. Bxa6 Nxa6 14. Kh1 Qe7
15. Bd2 Nc7 16. Rfe1 Ne6 17. g4 h6 18. Ng3 Bxg3 19. Qxg3 cxd4 20. exd4 Qd7 21.
Qg1 Rac8 22. Re5 Nf8 23. g5 hxg5 24. Bxg5 N8h7 25. Qg3 Rxe5 26. Bxf6 Nxf6 27.
dxe5 Ne8 28. Rd1 Rc5 29. Ne2 Qa4 30. Rg1 Rc4 31. Qg5 Qb3 32. Qh5 Qe3 33. Nc3
Rf4 34. Nxd5 Qxf3+ 35. Qxf3 Rxf3 36. Ne7+ Kf8 37. Nc8 Rb3 38. Rg2 a6 39. Rd2 b5
40. Na7 Re3 41. Nc6 g6 42. Kg1 Nc7 43. Rd8+ Kg7 44. Rd7 Ne6 45. Ra7 Re1+ 46.
Kf2 Rb1 47. b4 Rb2+ 48. Ke1 Rxh2 49. Rxa6 Rc2 50. Rb6 Rc3 51. Kd2 Rxa3 52. Rxb5
Ra2+ 53. Kc3 Ra1 54. Ne7 Rc1+ 55. Kd2 Rc7 56. Nd5 Rd7 57. Ke3 Nd8 58. Ke4 Ne6
59. Nf6 Rd4+ 60. Ke3 Rd1 61. Rd5 Rb1 62. b5 Nc7 63. Rd8 Nxb5 64. Rg8+ Kh6 65.
Rh8+ Kg7 66. Rg8+ Kh6 67. Rh8+ Kg5 68. Ne4+ Kg4 1/2-1/2

[Event "Predeal op"]
[Site "Predeal"]
[Date "2006.08.16"]
[Round "7"]
[White "Jianu, Vlad Cristian"]
[Black "Dobre, Claudiu Cristian"]
[Result "1/2-1/2"]
[WhiteElo "2491"]
[BlackElo "2237"]
[PlyCount "74"]
[EventDate "2006.08.12"]
[EventType "swiss"]
[EventRounds "9"]
[EventCountry "ROM"]
[Source "ChessBase"]
[SourceDate "2006.09.14"]

1. d4 d5 2. c4 e6 3. Nc3 Nf6 4. Bg5 Nbd7 5. Nf3 Be7 6. e3 O-O 7. cxd5 exd5 8.
Bd3 c6 9. Qc2 Re8 10. O-O h6 11. Bh4 Ne4 12. Bxe7 Qxe7 13. Bxe4 dxe4 14. Nd2
Nf6 15. Rab1 b6 16. Qa4 Bd7 17. Qa6 Nd5 18. Qb7 Rab8 19. Nxd5 Qd8 20. Nf6+ gxf6
21. Qa6 Qe7 22. f3 exf3 23. Rxf3 Kh8 24. Qd3 Rg8 25. Qe4 Rbe8 26. Qxe7 Rxe7 27.
Rbf1 f5 28. a3 Be6 29. R1f2 Bd5 30. Rh3 f4 31. e4 Bxe4 32. Re2 Rxg2+ 33. Rxg2
Bxg2 34. Kxg2 Re2+ 35. Kf3 Rxd2 36. Rxh6+ Kg7 37. Rxc6 Rxd4 1/2-1/2

[Event "Predeal op"]
[Site "Predeal"]
[Date "2006.08.18"]
[Round "9"]
[White "Pap, Misa"]
[Black "Dobre, Claudiu Cristian"]
[Result "1-0"]
[WhiteElo "2409"]
[BlackElo "2237"]
[PlyCount "160"]
[EventDate "2006.08.12"]
[EventType "swiss"]
[EventRounds "9"]
[EventCountry "ROM"]
[Source "ChessBase"]
[SourceDate "2006.09.14"]

1. e4 c6 2. d4 d5 3. Nd2 dxe4 4. Nxe4 Bf5 5. Ng3 Bg6 6. h4 h6 7. Nf3 Nd7 8. h5
Bh7 9. Bd3 Bxd3 10. Qxd3 Qc7 11. Bd2 Ngf6 12. O-O-O e6 13. Ne4 O-O-O 14. c4
Nxe4 15. Qxe4 Nf6 16. Qe2 c5 17. g3 cxd4 18. Bf4 Bd6 19. Rxd4 Bxf4+ 20. Rxf4
Nd5 21. Rd4 Nb4 22. a3 Nc6 23. Re4 Rd7 24. Rd1 Rxd1+ 25. Kxd1 Rd8+ 26. Kc1 Qd6
27. Rg4 e5 28. Rxg7 e4 29. Nd2 Nd4 30. Qe1 Qe5 31. Rg4 f5 32. Rg6 Qa5 33. Qe3
Qa4 34. Kb1 Qc2+ 35. Ka2 Nc6 36. Nb1 Qxc4+ 37. Qb3 Qxb3+ 38. Kxb3 Ne5 39. Rf6
Rd3+ 40. Nc3 Rf3 41. Rxh6 Rxf2 42. Rh8+ Kd7 43. Rb8 Nd3 44. Nd1 Nc5+ 45. Kc4
Rc2+ 46. Kd5 Kc7 47. Rg8 Nd7 48. Ke6 Rc6+ 49. Kxf5 Rc5+ 50. Kg6 Rc6+ 51. Kg5
Rc5+ 52. Kh4 Rxh5+ 53. Kxh5 Nf6+ 54. Kg6 Nxg8 55. Kf5 Kd6 56. Ne3 Kc5 57. Kxe4
a5 58. g4 b5 59. b3 Ne7 60. g5 Ng6 61. Ng4 Ne7 62. Ne5 Kd6 63. Nd3 Ke6 64. Nf4+
Kd6 65. g6 Kc5 66. g7 a4 67. b4+ Kc4 68. Nd5 Ng8 69. Nc7 Kb3 70. Nxb5 Ne7 71.
Ke5 Ng8 72. Ke6 Nh6 73. Ke7 Kc4 74. Nd6+ Kb3 75. b5 Kxa3 76. b6 Ka2 77. b7 a3
78. b8=Q Ka1 79. Nc4 Nf5+ 80. Kf6 Nxg7 1-0

[Event "Campionato Rumeno Open"]
[Site "?"]
[Date "2006.12.02"]
[Round "?"]
[White "Dobre, Claudiu Cristian"]
[Black "Preda, Mihai"]
[Result "0-1"]
[WhiteElo "2237"]
[BlackElo "2094"]
[PlyCount "120"]
[EventDate "2006.??.??"]

1. d4 d5 2. c4 e6 3. Nc3 Nf6 4. cxd5 exd5 5. Bg5 Be7 6. e3 c6 7. Bd3 Nbd7 8.
Qc2 O-O 9. Nge2 Re8 10. O-O Nf8 11. f3 Nh5 12. Bxe7 Qxe7 13. e4 dxe4 14. fxe4
Qg5 15. Kh1 Bg4 16. Qb3 Ne6 17. Qxb7 Nef4 18. Nxf4 Nxf4 19. Rxf4 Qxf4 20. Rf1
Qd6 21. Qxf7+ Kh8 22. Qf2 Rf8 23. Qe3 Rxf1+ 24. Bxf1 Be6 25. h3 Rd8 26. d5 cxd5
27. exd5 Bxd5 28. Nxd5 Qxd5 29. Qxa7 Ra8 30. Qe3 Qxa2 31. Bd3 Qa1+ 32. Kh2 Qxb2
33. h4 Qb8+ 34. Kh3 Qc8+ 35. g4 Ra4 36. Be2 Qf8 37. Kg2 Ra8 38. Bf3 Re8 39. Qd4
Qe7 40. g5 Rd8 41. Qf2 Qe5 42. Qg3 Qf5 43. Qg4 Qc2+ 44. Kh3 Qc1 45. Qf5 Qa3 46.
Kg3 Rf8 47. Qg4 Qe3 48. Qe4 Qxe4 49. Bxe4 g6 50. Bd5 Kg7 51. Kg4 Rd8 52. Bf3
Kf7 53. h5 Rd4+ 54. Kg3 Ke6 55. hxg6 hxg6 56. Bg4+ Ke5 57. Bc8 Rd1 58. Kf3 Rd3+
59. Kg4 Rd8 60. Ba6 Rd4+ 0-1

[Event "Campionato Rumeno Open"]
[Site "?"]
[Date "2006.12.05"]
[Round "?"]
[White "Valeanu, Eduard Andrei"]
[Black "Dobre, Claudiu Cristian"]
[Result "1-0"]
[WhiteElo "2361"]
[BlackElo "2237"]
[PlyCount "99"]
[EventDate "2006.??.??"]

1. e4 c6 2. d4 d5 3. f3 g6 4. Nc3 Bg7 5. Be3 Nf6 6. e5 Nfd7 7. f4 Nf8 8. Qd2
Qa5 9. Nf3 f5 10. Bd3 Qd8 11. O-O b6 12. b4 a6 13. a4 Bb7 14. Ne2 b5 15. Nc1 e6
16. Nb3 Nfd7 17. Ra2 Nb6 18. Nc5 Bc8 19. Bf2 Bf8 20. Bh4 Be7 21. Bxe7 Qxe7 22.
Rfa1 Nxa4 23. Nxa4 bxa4 24. Rxa4 O-O 25. Qc3 Bb7 26. Be2 h6 27. Nd2 Nd7 28.
Bxa6 Nb6 29. R4a3 Bxa6 30. Rxa6 Qb7 31. Qa3 Rxa6 32. Qxa6 Qc7 33. Qa7 Qxa7 34.
Rxa7 Ra8 35. Rxa8+ Nxa8 36. Nb3 Kf7 37. Na5 Ke7 38. Nxc6+ Kd7 39. Na5 Kc7 40.
Kf2 Kb6 41. Ke3 Kb5 42. c3 Ka4 43. Kd3 Nb6 44. h4 Na8 45. Nc6 Kb3 46. Ne7 Nc7
47. Nxg6 Nb5 48. Nf8 Nxc3 49. Nxe6 Kxb4 50. Nc7 1-0

[Event "Nat Ind Ch Man"]
[Site "Geoagiu-Bai"]
[Date "2006.12.06"]
[Round "10"]
[White "Dobre, Claudiu Cristian"]
[Black "Domanyek, Ernest-Iosif"]
[Result "1/2-1/2"]
[WhiteElo "2237"]
[BlackElo "2261"]
[PlyCount "45"]
[EventDate "2006.??.??"]

1. f4 d5 2. c4 d4 3. g3 c5 4. Bg2 Nc6 5. Nf3 Nf6 6. O-O Qc7 7. d3 g6 8. Na3 Bg7
9. h3 Nh5 10. Qe1 O-O 11. Nh4 f5 12. Bf3 e5 13. Bxh5 gxh5 14. fxe5 Nxe5 15. Bf4
b6 16. Nf3 Bb7 17. Nxe5 Bxe5 18. Qf2 Rae8 19. Nc2 Bxf4 20. Qxf4 Qc6 21. Qf3 Qc7
22. Qf4 Qc6 23. Qf3 1/2-1/2

[Event "Memorial  Emil  Macarie  2004"]
[Site "Ploiesti"]
[Date "2004.12.08"]
[Round "6.1"]
[White "Dobre, Claudiu Cristian"]
[Black "Miron, Lucian Costin"]
[Result "1-0"]
[WhiteElo "2275"]
[BlackElo "2258"]
[Annotator "Anuta  Laurentiu"]
[PlyCount "95"]
[EventDate "2004.11.27"]

1. d4 Nf6 2. c4 g6 3. Nc3 d5 4. Bf4 Bg7 5. e3 c5 6. dxc5 Qa5 7. Rc1 dxc4 8.
Bxc4 O-O 9. Nf3 Qxc5 10. Bb3 Nc6 11. O-O Qa5 12. h3 Bf5 13. Qe2 Ne4 14. Nxe4
Bxe4 15. Rfd1 Rad8 16. Ng5 Bd5 17. Bc7 Qxc7 18. Bxd5 Qe5 19. Nf3 Qxb2 20. Qxb2
Bxb2 21. Rb1 Bf6 22. Rxb7 e6 23. Bb3 Rxd1+ 24. Bxd1 Rb8 25. Rxb8+ Nxb8 26. Ba4
Na6 27. Kf1 Nb4 28. Bb3 Kf8 29. Ke2 Ke7 30. Nd2 h6 31. f4 e5 32. Nf3 exf4 33.
exf4 Bc3 34. Ke3 f5 35. Nd4 Bxd4+ 36. Kxd4 Kd6 37. h4 Nc6+ 38. Kc3 Kc5 39. Bf7
Ne7 40. g3 Nd5+ 41. Kd3 Ne7 42. Ke3 Nd5+ 43. Kd2 Kd4 44. Bxg6 Nc3 45. Bxf5 Nxa2
46. g4 Kd5 47. g5 hxg5 48. h5 1-0